000 00899nam a2200277 a 4500
001 BRCA_5480
005 20190320205111.0
008 760827s1951####sp-a######---#001-0#spa-#
041 _aspa
044 _asp
050 4 _aNK2600
_b.M87 1
_c1951
245 1 0 _aEl mueble español en los siglos XV, XVI y XVII
_cintroducción y notas de María Dolores Enríquez ; fotografías de Juan Pardo.
260 _aMadrid
_bA. Aguado
_c1951
300 _a41 p.
_bil., 82 láminas
_c18 cm.
440 0 _aEl mueble en España
_n6
_914009
500 _aEjemplar igual a S112
500 _aF2
610 2 4 _aMuseo de artes decorativas
_zEspaña
_914010
650 1 4 _aMuebles españoles
_914011
650 1 4 _aMuebles
_xHistoria
_94173
650 1 4 _aGalerías y museos
_zEspaña
_97331
700 1 _aEnríquez, María Dolores
_etr.
_914012
700 1 _aPardo, Juan
_efot.
_914013
902 _aGFM
942 _2lcc
_cB
999 _c5174
_d5174